Gewinner der UEFA Women's Champions League - Statistiken

Allgemein
  • Dieses Quiz wurde 258 mal gespielt
    77 seit der letzten Aktualisierung
  • Das Durchschnittsergebnis liegt bei 18 aus 24
Antwortstatistiken
Saison Team % Korrekt
2020/21 FC Barcelona
99%
2022/23 FC Barcelona
99%
2023/24 FC Barcelona
99%
2010/11 Olympique Lyon
92%
2011/12 Olympique Lyon
92%
2015/16 Olympique Lyon
92%
2016/17 Olympique Lyon
92%
2017/18 Olympique Lyon
92%
2018/19 Olympique Lyon
92%
2019/20 Olympique Lyon
92%
2021/22 Olympique Lyon
92%
2012/13 VfL Wolfsburg
89%
2013/14 VfL Wolfsburg
89%
2006/07 Arsenal
82%
2024/25 Arsenal
82%
2004/05 Turbine Potsdam
66%
2009/10 Turbine Potsdam
66%
2001/02 1. FFC Frankfurt
62%
2005/06 1. FFC Frankfurt
62%
2007/08 1. FFC Frankfurt
62%
2014/15 1. FFC Frankfurt
62%
2008/09 FCR 2001 Duisburg
22%
2002/03 Umeå IK
10%
2003/04 Umeå IK
10%
Keine übereinstimmenden Quizze gefunden
Verteilung der Resultate
Anzahl Personen mit jedem Resultat
Perzentil nach korrekt beantworteten Fragen
Ihre Resultats-Entwicklung
Sie haben dieses Quiz seit der letzten Aktualisierung nicht gespielt